000 00183nam a22000977a 4500
041 _aeng
080 _a80
100 _aMichel, M.
245 _aThe Best Of The Mailbox.
999 _c280118
_d280118
942 _cBK